Get the Picture: Big 4 Weather Teams Quiz Stats

 Plays Quiz not verified by Sporcle

Score 0/16 Timer 03:00
4 Plays Today
Question Answer Wrong Answers
Players Include
Kevin Durant, Russell Westbrook, Serge Ibaka
Oklahoma City Thunder
80.4%
Carolina Hurricanes
7.1%
Colorado Avalanche
3.1%
Tampa Bay Lightning
2%
Mascot
Howler the Yeti & Bernie the St. Bernard
Colorado Avalanche
78.7%
Carolina Hurricanes
7.1%
Tampa Bay Lightning
2.8%
Oklahoma City Thunder
3.4%
Mascot
Stormy & Caroline
Carolina Hurricanes
75.6%
Colorado Avalanche
4.3%
Tampa Bay Lightning
8.7%
Oklahoma City Thunder
3.7%
Location
Oklahoma City, Oklahoma
Oklahoma City Thunder
73.6%
Carolina Hurricanes
9.3%
Colorado Avalanche
5.3%
Tampa Bay Lightning
4.5%
Players Include
Joe Sakic, Peter Forsberg, Patrick Roy
Colorado Avalanche
73.1%
Carolina Hurricanes
10.2%
Tampa Bay Lightning
5.7%
Oklahoma City Thunder
3.3%
Location
Raleigh, North Carolina
Carolina Hurricanes
65.8%
Colorado Avalanche
10.6%
Tampa Bay Lightning
8.9%
Oklahoma City Thunder
7.1%
Players Include
Martin St. Louis, Vincent Lecavalier, Steve Stamkos
Tampa Bay Lightning
64.8%
Carolina Hurricanes
11.5%
Colorado Avalanche
12.3%
Oklahoma City Thunder
3.4%
Location
Denver, Colorado
Colorado Avalanche
64.4%
Carolina Hurricanes
11%
Tampa Bay Lightning
8.7%
Oklahoma City Thunder
7.6%
Location
Tampa, Florida
Tampa Bay Lightning
61.5%
Carolina Hurricanes
12.1%
Colorado Avalanche
13.5%
Oklahoma City Thunder
5.3%
Home Venue
Pepsi Center
Colorado Avalanche
60.6%
Carolina Hurricanes
11.5%
Tampa Bay Lightning
10.6%
Oklahoma City Thunder
9.6%
Mascot
Rumble the Bison
Oklahoma City Thunder
59.8%
Carolina Hurricanes
8.2%
Colorado Avalanche
18.8%
Tampa Bay Lightning
4.8%
Players Include
Eric Staal, Rod Brind'Amour, Ron Francis
Carolina Hurricanes
59.3%
Colorado Avalanche
12%
Tampa Bay Lightning
9.9%
Oklahoma City Thunder
10.2%
Home Venue
PNC Arena
Carolina Hurricanes
59.2%
Colorado Avalanche
11.5%
Tampa Bay Lightning
11.6%
Oklahoma City Thunder
11.2%
Mascot
Thunderbug
Tampa Bay Lightning
51.9%
Carolina Hurricanes
7.3%
Colorado Avalanche
3.7%
Oklahoma City Thunder
30.3%
Home Venue
Amalie Arena
Tampa Bay Lightning
50.5%
Carolina Hurricanes
20.8%
Colorado Avalanche
11.8%
Oklahoma City Thunder
9.5%
Home Venue
Chesapeake Energy Arena
Oklahoma City Thunder
46.1%
Carolina Hurricanes
32.8%
Colorado Avalanche
4.7%
Tampa Bay Lightning
9.5%

You're not logged in!

Compare scores with friends on all Sporcle quizzes.
OR
Log In

Show Comments

Extras

Top Quizzes Today


Score Distribution

Your Account Isn't Verified!

In order to create a playlist on Sporcle, you need to verify the email address you used during registration. Go to your Sporcle Settings to finish the process.

Report this User

Report this user for behavior that violates our Community Guidelines.

Details: